000 00387nam a2200145Ia 4500
008 191201s2003 xx 000 0 und d
082 _a621.382
_bSHM
100 _aSHARMA, Ajay
245 0 _aModern Electronic Communication (Principle and Practices)
250 _a1st
260 _aN.Delhi
_bDhanpat Rai Pubns (P) Ltd
_c2003
300 _a623
650 _aB.Tech(ECE)
942 _2ddc
_cBK
999 _c1085
_d1085